<The> Foundation Directory 1991 Edition

Gespeichert in:
Bibliographische Detailangaben
Format: Buch
Sprache:Englisch
Veröffentlicht: New York The Foundation Center 1990
Ausgabe:13. ed.
Schlagworte:
Tags: Tag hinzufügen
Keine Tags, Fügen Sie das erste Tag hinzu!

MARC

LEADER 00000nam a2200000 4500
001 c011817
005 20240325093839.3
020 |a 0-87954-344-2 
041 0 |a eng 
044 |a US 
245 1 0 |a <The> Foundation Directory 1991 Edition 
250 |a 13. ed. 
264 1 |a New York  |b The Foundation Center  |c 1990 
300 |a 1444 s. 
610 2 0 |a nadácie 
610 2 0 |a svet 
610 2 0 |a 1991